Statistics for I Can Guess Your Asian Country

Click here to take the quiz!

General Stats

  • This quiz has been taken 39 times
  • The average score is 2 of 48

Answer Stats

QuestionYour country is...% Correct
Is my third letter a vowel or W?China
20%
Mongolia
17%
Japan
13%
Singapore
10%
South Korea
10%
Do I come after L alphabetically?Afghanistan
7%
Does my capital come after K alphabetically?Armenia
7%
Does my capital end in a vowel?Bangladesh
7%
Am I landlocked?Bhutan
7%
Am I in Southeast Asia?Cambodia
7%
East Timor
7%
Indonesia
7%
Laos
7%
Myanmar
7%
Taiwan
7%
Is my second letter a vowel?Bahrain
3%
Is the second letter of my capital E or O?Brunei
3%
Cyprus
3%
Georgia
3%
India
3%
Iran
3%
Kyrgyzstan
3%
Malaysia
3%
Maldives
3%
Nepal
3%
North Korea
3%
Oman
3%
Philippines
3%
Qatar
3%
Saudi Arabia
3%
Sri Lanka
3%
Thailand
3%
Vietnam
3%
Yemen
3%
Does my capital start with B-I or N-S?Azerbaijan
0%
Iraq
0%
Israel
0%
Jordan
0%
Kazakhstan
0%
Kuwait
0%
Lebanon
0%
Pakistan
0%
Syria
0%
Tajikistan
0%
Turkey
0%
Turkmenistan
0%
United Arab Emirates
0%
Uzbekistan
0%

Score Distribution

Percentile by Number Answered

Percent of People with Each Score

Your Score History

You have not taken this quiz